000 00727nam a2200217Ii 4500
003 JO-AjNU
008 230605s9999||||xx |||||||||||||| ||und||
017 _a2008/8/2813
040 _aJO-AjNU
_bara
_erda
_cJO-AjNU
041 _aara
050 1 4 _aPN3365.R35 2008
100 3 _aتأليف الرجبي، محمود أبو فروة,
_eauthor
_911934
245 0 0 _aنظرية جديدة في القصة: بحور القصص الهيكليات
250 _aط1
264 3 1 _aعمان: دار المأمون، 2008
300 _a148ص
336 _atext
_btxt
_2rdacontent
337 _aunmediated
_bn
_2rdamedia
338 _avolume
_bnc
_2rdacarrier
650 4 _aالأدب العربي - قصص - تحليل ونقد
_911935
999 _aA2579
_c6147
_d6147